Top 10 Most Popular Mobile Games - Statistics

General Stats
  • This quiz has been taken 100 times
  • The average score is 1 of 10
Answer Stats
Hint Answer % Correct
1: Candy Crush Saga
91%
9: PUBG Mobile
16%
2: Call of Duty Mobile
9%
3: Among Us
7%
7: Gardenscapes: New Acres
5%
8: Homescapes
4%
4: Dragon Ball Z: Dokkan Battle
1%
6: Helix Jump
1%
5: Sonic Dash
1%
10: Super Mario Run
1%
No matching quizzes found
Score Distribution
Percent of People with Each Score
Percentile by Number Answered
Your Score History
You have not taken this quiz